Responses for Show #5182 - Tuesday, March 6, 2007

Contestants

[<< previous game]

Martin Budak, a project manager from Portland, Oregon

Courtney Smotherman, a student from Maumee, Ohio

Eileen Loechel, an operations manager from River Forest, Illinois (whose 1-day cash winnings total $19,800)

[next game >>]

Jeopardy! Round responses

1840
CELEBRITY TROUBLES
WHICH U.S. CABINET DEPARTMENT?
BUSINESS PEOPLE
RAISE THE FLAG
LOWER THE "BOOM"
    $200 21
Antarctica

Courtney
    $200 6
Martha Stewart

Eileen
    $200 11
Transportation

Courtney
    $200 26
pineapple

Eileen
    $200 16
Afghanistan

Martin
    $200 1
a boomerang

Eileen
    $400 22
Mississippi

Courtney
    $400 7
Courtney Love

Courtney
    $400 12
(Eileen: What is the Interior?)

Justice

Eileen
Triple Stumper
    $400 27
(Warren) Buffett

Eileen
    $400 17
Italy

Martin
    $400 2
"Ta-Ra-Ra-Boom-Dee-Ay"

Martin
    $600 23
(Eileen: Who is Fillmore?)
(Courtney: Who is Tyler?)
(Martin: Who is Harrison?)
(Alex: Which one?)

Willam Henry Harrison

EileenCourtneyMartin
    $600 8
Winona Ryder

Courtney
    $600 13
State Department

Courtney
    $600 28
Iacocca

Martin
    $600 18
Lebanon

Courtney
    $600 3
a boombox

Courtney
    $800 24
the Houses of Parliament

Martin
    $800 9
Timothy Leary

Eileen
    $800 14
the Interior

Eileen
    $800 29
(Michael) Dell

Martin
    $800 19
Hong Kong

Courtney
    $800 4
the baby boomers

Martin
    $1000 25
the Penny Black

Triple Stumper
    $1000 10
Boris Becker

Martin
    $200 15
Homeland Security

Eileen
    $1000 30
Beanie Babies

Eileen
    $1000 20
American Samoa

Courtney
    $1000 5
The Boomtown Rats

Martin

Scores at the first commercial break (after clue 15):

Eileen Courtney Martin
$1,800 $2,400 $3,200

Scores at the end of the Jeopardy! Round:

Eileen Courtney Martin
$2,800 $4,800 $6,600

Double Jeopardy! Round responses

LITERATURE OF THE 19-OUGHTS
AT THE MOVIES
SPANISH PLACE NAMES IN THE U.S.
IT'S ALL ACADEMIC
QUASI-RELATED PAIRS
(Alex: And in this one, I'll give you an example of the kind of clue you might see: "The actor who played Scott Evil and a gemstone color." And that would be "Who are Seth and Emerald Green?" All right?)
CONSUMER REPORTS
(Sarah: How they put everything from strollers to SUVs to the test, so you don't have to.)
    $400 21
(Frank) Baum

Martin
    $400 16
The Nutty Professor

Courtney
    $400 6
Santa Fe

Courtney
    $400 1
Architecture

Courtney
    $400 26
Oliver & Rosetta Stone

Eileen
    $400 11
(Eileen: What are... um... kilowatts?)

kelvin

Eileen
Triple Stumper
    $800 22
darkness

Courtney
    $800 17
Looking for Mr. Goodbar

Eileen
    $800 7
Florida

Martin
    $800 2
Anita Hill

Courtney
    $800 27
Tony & Bonnie Blair

Triple Stumper
    $2,000 12
fatigue

Martin
    $1200 23
December 31st

Eileen
    $1200 18
A Boy and His Dog

Triple Stumper
    $1200 8
El Paso

Martin
    $1200 3
Woodrow Wilson

Eileen
    $1200 28
Hal & Port Au Prince

Eileen
    $1200 13
static

Courtney
    $2,000 24
(William Butler) Yeats

Eileen
    $1600 19
Sir Alec Guinness

Eileen
    $1600 9
(Eileen: What is El Gato?)

Los Gatos

EileenMartin
    $1600 4
Joyce Carol Oates

Triple Stumper
    $1600 29
(Eileen: What is Mont Chinon Blanc?)
...
[The end-of-round signal sounds.]

Mont & Sauvignon Blanc

Eileen
Triple Stumper
    $1600 14
pink noise

Courtney
    $2000 25
(Courtney: What is the zebra--?)

the octopus

Courtney
Triple Stumper
    $2000 20
James Whale

Triple Stumper
    $2000 10
Nevada

Martin
    $2000 5
C.S. Lewis

Courtney
    $2000 15
energy efficiency

Martin

Scores at the end of the Double Jeopardy! Round:

Eileen Courtney Martin
$7,600 $10,400 $16,600

[wagering suggestions for these scores]

Final Jeopardy! Round responses

ISLANDS
EileenWhat is Honshu?
$600
CourtneyWhat is Hokkaido?
$5,600
MartinWhat is Java?
$4,201
Java

Final scores:

Eileen Courtney Martin
$7,000 $4,800 $20,801
2nd place: $2,000 3rd place: $1,000 New champion: $20,801

Game dynamics:

Coryat scores:

Eileen Courtney Martin
$8,000 $10,400 $15,400
15 R
(including 2 DDs),
5 W
18 R,
2 W
17 R
(including 1 DD),
0 W

Combined Coryat: $33,800

[game clues] [game scores] [suggest correction]

Game tape date: 2006-12-06
The J! Archive is created by fans, for fans. Scraping, republication, monetization, and malicious use prohibited; this site may use cookies and collect identifying information. See terms. The Jeopardy! game show and all elements thereof, including but not limited to copyright and trademark thereto, are the property of Jeopardy Productions, Inc. and are protected under law. This website is not affiliated with, sponsored by, or operated by Jeopardy Productions, Inc. Join the discussion at JBoard.tv.